LEADER 00987nam0-2200325---450- 001 990009668620403321 005 20130118140656.0 010 $a88-464-4400-0 035 $a000966862 035 $aFED01000966862 035 $a(Aleph)000966862FED01 035 $a000966862 100 $a20130118d2003----km-y0itay50------ba 101 0 $aita 102 $aIT 105 $aa-------001yy 200 1 $aTramonto o metamorfosi dell'umanesimo nell'epoca di internet?$fa cura di Franco Biasutti 210 $aMilano$cFrancoAngeli$d2003 215 $a199 p.$d23 cm 225 1 $aScienze umane e nuove tecnologie$v4 610 0 $aElaboratori elettronici$aImpiego nelle scienze umane 676 $a001.3$v22$zita 702 1$aBiasutti,$bFranco 801 0$aIT$bUNINA$gREICAT$2UNIMARC 901 $aBK 912 $a990009668620403321 952 $aII H 36$b47503$fFSPBC 959 $aFSPBC 996 $aTramonto o metamorfosi dell'umanesimo nell'epoca di internet$9838771 997 $aUNINA LEADER 01786nam 2200553Ia 450 001 9910788622303321 005 20230802002359.0 010 $a1-78040-039-X 035 $a(CKB)3280000000003687 035 $a(EBL)3119951 035 $a(SSID)ssj0000957779 035 $a(PQKBManifestationID)11521234 035 $a(PQKBTitleCode)TC0000957779 035 $a(PQKBWorkID)10998350 035 $a(PQKB)11184749 035 $a(MiAaPQ)EBC3119951 035 $a(Au-PeEL)EBL3119951 035 $a(CaPaEBR)ebr10733008 035 $a(CaONFJC)MIL572578 035 $a(OCoLC)922995065 035 $a(EXLCZ)993280000000003687 100 $a20120912d2012 uy 0 101 0 $aeng 135 $aur|n|---||||| 181 $ctxt 182 $cc 183 $acr 200 10$aArsenic contamination in the world$b[electronic resource] $ean international sourcebook 2012 /$fSusan Murcott 210 $aLondon $cIWA Pub.$d2012 215 $a1 online resource (344 p.) 300 $aDescription based upon print version of record. 311 $a1-78040-038-1 320 $aIncludes bibliographical references. 327 $asection 1. African region -- section 2. Region of the Americas -- section 3. Asian region -- section 4. European region -- section 5. Region of Australia and Oceania. 606 $aArsenic 606 $aArsenic$xHealth aspects 606 $aArsenic$xEnvironmental aspects 615 0$aArsenic. 615 0$aArsenic$xHealth aspects. 615 0$aArsenic$xEnvironmental aspects. 676 $a553.47 700 $aMurcott$b Susan$01510457 801 0$bMiAaPQ 801 1$bMiAaPQ 801 2$bMiAaPQ 906 $aBOOK 912 $a9910788622303321 996 $aArsenic contamination in the world$93743144 997 $aUNINA